000 00277nam a2200109Ia 4500
001 588729
005 20250717120836.0
008 250717s9999 xx 000 0 und d
245 0 _aZ-1 BOSTAN İLE GÜLİSTAN
_cİSMAİL BİLGİN
260 _bERDEM YAYINLARI
_c2019
300 _b88
999 _c588729
_d588729